[Event "Mont de Marsan op 6th"]
[Site "Mont de Marsan"]
[Date "2006.12.28"]
[Round "5"]
[White "Gabard, Alexandre"]
[Black "Tastet, Florian"]
[Result "1-0"]
[WhiteElo "2029"]
[BlackElo "1299"]
[PlyCount "67"]
[EventDate "2006.12.26"]
[EventType "swiss"]
[EventRounds "9"]
[EventCountry "FRA"]
[SourceTitle "CBM 116 Extra"]
[Source "ChessBase"]
[SourceDate "2007.03.07"]
[SourceVersion "1"]
[SourceVersionDate "2007.03.07"]
[SourceQuality "1"]

1. e4 e6 2. d4 d5 3. Nc3 Bb4 4. e5 c5 5. a3 Ba5 6. dxc5 Bxc3+ 7. bxc3 Qc7 8. Qd4 Ne7 9. Be3 0-0 10. Bd3 Nbc6 11. Qh4 Ng6 12. Bxg6 fxg6 13. f4 g5 14. Qxg5 Rf5 15. Qg3 Na5 16. Ne2 Nc4 17. 0-0 Bd7 18. Nd4 Rf7 19. Nb3 Raf8 20. Rf2 Qd8 21. Nd2 Bb5 22. Nxc4 Bxc4 23. Qg5 Qc7 24. g4 g6 25. h4 Qd7 26. Kh2 Kg7 27. h5 Kh8 28. Rg1 Rg7 29. Bd4 Qc7 30. h6 Rgf7 31. Rg3 Kg8 32. f5 exf5 33. gxf5 Rxf5 34. Rxf5 1-0

[Event "Mont de Marsan op 6th"]
[Site "Mont de Marsan"]
[Date "2006.12.27"]
[Round "4"]
[White "Tastet, Florian"]
[Black "Orus, Julien"]
[Result "1-0"]
[WhiteElo "1299"]
[BlackElo "1570"]
[PlyCount "86"]
[EventDate "2006.12.26"]
[EventType "swiss"]
[EventRounds "9"]
[EventCountry "FRA"]
[SourceTitle "CBM 116 Extra"]
[Source "ChessBase"]
[SourceDate "2007.03.07"]
[SourceVersion "1"]
[SourceVersionDate "2007.03.07"]
[SourceQuality "1"]

1. e4 e6 2. d4 d5 3. Nc3 Nf6 4. e5 Nfd7 5. f4 c5 6. Nf3 Nc6 7. Be3 Qb6 8. a3 a6 9. dxc5 Bxc5 10. Bxc5 Qxc5 11. Bd3 Qe3+ 12. Qe2 Qxf4 13. 0-0 Ndxe5 14. Nxe5 Qxe5 15. Qg4 Qd4+ 16. Qxd4 Nxd4 17. Rf4 Nc6 18. Rh4 h6 19. Rf1 Ne5 20. Na4 Nxd3 21. cxd3 b5 22. Nc5 0-0 23. b4 e5 24. Rf3 d4 25. Rf1 f5 26. Re1 Re8 27. Rxd4 Kf7 28. Rd6 Ra7 29. Rc6 Bb7 30. Rc7+ Re7 31. Rxe7+ Kxe7 32. Rxe5+ Kf6 33. Re6+ Kf7 34. Rb6 Bc8 35. Rc6 Ra8 36. Kf2 Ke7 37. Ke3 Bd7 38. Rc7 Rd8 39. Ra7 g5 40. Rxa6 f4+ 41. Ke4 h5 42. Rg6 g4 43. Rg7+ Kd6 1-0